000 00633nam a2200205 i 4500
001 bgj
100 1 _aEVANS, Virginia
245 1 0 _aCPE Use of English :
_bfor the revised Cambridge Proficiency Examination /
_cVirginia Evans.
260 _aNewbury :
_bExpress Publishing,
_c2002.
300 _a352 pp ;
_c28 cm.
650 9 _aEnglish language
_xExaminations, questions, etc.
650 9 _aEnglish language
_xAssessment tests
650 9 _aEnglish language
_xProficiency tests
020 _a1843253666
040 _cBPK
041 0 _aeng
920 _a1-84325-366-6
942 _cKS
008 s uk f |000 0 eng
999 _c48730
_d48730
856 _uhttp://koha.tu.koszalin.pl/cgi-bin/koha/opac-detail.pl?biblionumber=48730
_yKatalog online BPK